000 00615nam a2200241 a 4500
001 nice12345678
003 IN_TiNIC
005 20260116013208.0
008 050524s2000 newa grp 000 0 eng
020 _a0195672
_c595
082 0 0 _a297.0954
_bROB
100 _aRobinson, Francis
245 _aIslam and Muslim History in South Asia.
260 _aNew Dlhi
_bOxford University Press
_c2000
300 _a299p
500 _aincludes index and biblioraphy
505 2 _aIndex
650 _aIslam-South Asia
700 1 _aRobinson, Francis
902 _bSRS
942 _cBK
999 _c10070
_d10070